书目信息 |
| 题名: |
国际贸易惯例通论
|
|
| 作者: | 张晓堂 著 | |
| 分册: | ||
| 出版信息: | 北京 人民出版社 1999 |
|
| 页数: | 478页 | |
| 开本: | 21cm | |
| 丛书名: | ||
| 单 册: | ||
| 中图分类: | F744 | |
| 科图分类: | ||
| 主题词: | 国际贸易--贸易惯例--概论 , 国际贸易 , 贸易惯例 | |
| 电子资源: | ||
| ISBN: | 7-01-002956-3 | |
| 000 | 00782nam0 2200253 450 | |
| 001 | 012007771204 | |
| 005 | 20070605144143.01 | |
| 010 | @a7-01-002956-3@dCNY27.00 | |
| 100 | @a20070602d1999 km y0chiy0120 ea | |
| 101 | 0 | @achi |
| 102 | @aCN@b110000 | |
| 105 | @ay z 000yy | |
| 106 | @ar | |
| 200 | 1 | @a国际贸易惯例通论@Aguo ji mao yi guan li tong lun@f张晓堂著@Fzhang xiao tang zhu |
| 210 | @a北京@c人民出版社@d1999 | |
| 215 | @a478页@d21cm | |
| 330 | @a本书主要内容包括:国际贸易惯例概论,国际贸易术语惯例,国际贸易合同惯例,国际货物运输惯例,国际货物保险惯例等。 | |
| 606 | 0 | @a国际贸易@x贸易惯例@x概论 |
| 606 | 0 | @a国际贸易 |
| 606 | 0 | @a贸易惯例 |
| 690 | @aF744@v4 | |
| 701 | 0 | @a张晓堂@Azhang xiao tang@4著 |
| 801 | 0 | @aCN@bRULIN@c20070605 |
| 905 | @dF744@e68@s8 | |
| 国际贸易惯例通论/张晓堂著.-北京:人民出版社,1999 |
| 478页;21cm |
| ISBN 7-01-002956-3:CNY27.00 |
| 本书主要内容包括:国际贸易惯例概论,国际贸易术语惯例,国际贸易合同惯例,国际货物运输惯例,国际货物保险惯例等。 |
| ● |
| 相关链接 |
|
|
|
|
正题名:国际贸易惯例通论
索取号:F744/68
 
预约/预借
| 序号 | 登录号 | 条形码 | 馆藏地/架位号 | 状态 | 备注 |
| 1 | 0582554 | 205825543 | 第一样本阅览室/ [索取号:F744/68] | 在馆 | |
| 2 | 0582555 | 205825552 | 第一借阅区/ [索取号:F744/68] | 在馆 | |
| 3 | 0582556 | 205825561 | 密集书库/ [索取号:F744/68] | 在馆 | |
| 4 | 0582557 | 205825570 | 第一借阅区/ [索取号:F744/68] | 在馆 | |
| 5 | 0582558 | 205825589 | 密集书库/ [索取号:F744/68] | 在馆 | |
| 6 | 0582559 | 205825598 | 密集书库/ [索取号:F744/68] | 在馆 | |
| 7 | 0582560 | 205825605 | 第一借阅区/ [索取号:F744/68] | 在馆 | |
| 8 | 0582561 | 205825614 | 第一借阅区/ [索取号:F744/68] | 在馆 |